Loading...

Rural banking

Bibliographic Details
Format: Printed Book
Published: Chennai: Indian Institute of banking & Finance, 2010.
LEADER 00385cam a2200121ua 4500
999 |c 45189  |d 45189 
020 |a 9780230330504 
082 |a 332.1  |b RUR 
245 |a Rural banking 
260 |a Chennai:  |b Indian Institute of banking & Finance,  |c 2010. 
300 |a 327p. 
942 |c BK 
952 |0 0  |1 0  |4 0  |6 332_100000000000000_RUR  |7 0  |9 57151  |a KU  |b KU  |d 2015-07-05  |l 0  |o 332.1 RUR  |p AE02654  |r 2015-07-05  |w 2015-07-05  |y BK